000 00506nam a2200169 i 4500
001 183253
003 ES-MaACL
005 20240224063114.0
008 140203s2013 sp |||| | spa d
080 _a821.134.2-14"19"
100 1 _aArrillaga Aldama, Luis,
_d1950-
_923318
245 1 0 _aPor esos versos solamente /
_cLuis Arrillaga Aldama.
260 _a[Ávila?] :
_bLuis Arrillaga Aldama,
_c2013.
300 _a47 p. ;
_c15 cm.
852 _aES-MaACL
_j1597-F-17
999 _c183253
_d183253